000 00738nam a2200241Ia 4500
008 160803s9999 xx 000 0 und d
020 _a9780439740791
100 _aDavis, Kenneth C.
245 _aDon't know much about Abraham Lincoln /
245 _cKenneth C. Davis ; illustrated by Rob Shepperson.
260 _aNew York :
260 _bScholastic Inc.
260 _c2004
300 _a144 pages :
300 _billustrations, maps ;
300 _c20 cm.
650 _aLincoln, Abraham, -- 1809-1865
650 _aLincoln, Abraham, -- 1809-1865 -- Miscellanea --
650 _aPresidents -- United States -- Miscellanea --
650 _xJuvenile literature.
650 _xJuvenile literature.
700 _a1040
999 _c298818
_d298818